[Event "15. Obert Int. Sant Martí 2013 - B"]
[Site "Barcelona ESP"]
[Date "2013.07.17"]
[Round "5.34"]
[White "Calbet Freixanet, Eduard"]
[Black "Delgado Lozano, Jose Manuel"]
[Result "1/2-1/2"]
[WhiteElo "1676"]
[BlackElo "1927"]
[PlyCount "41"]
[EventDate "2013.07.13"]
[EventType "swiss"]
[EventRounds "9"]
[EventCountry "ESP"]
[SourceTitle "Ajedrez en Madrid"]
[Source "lmi"]
[SourceDate "2013.07.13"]
[SourceVersion "1"]
[SourceVersionDate "2019.06.21"]
[SourceQuality "1"]

1. d4 d5 2. c4 c6 3. Nf3 Nf6 4. Nc3 e6 5. Bf4 Nbd7 6. e3 Be7 7. Bd3 O-O 8. O-O
dxc4 9. Bxc4 b5 10. Bd3 a6 11. Rc1 Bb7 12. Ne4 Nxe4 13. Bxe4 Rc8 14. Qb3 Nf6
15. Bb1 c5 16. dxc5 Bxc5 17. Ne5 Bd5 18. Qd3 Be4 19. Qxd8 Rfxd8 20. Bxe4 Nxe4
21. Rfd1 1/2-1/2

[Event "15. Obert Int. Sant Martí 2013 - B"]
[Site "Barcelona ESP"]
[Date "2013.07.17"]
[Round "5.35"]
[White "Torres Maiquez, Sergio"]
[Black "Muratet Carmona, Alexandra"]
[Result "1-0"]
[WhiteElo "1908"]
[BlackElo "1705"]
[PlyCount "47"]
[EventDate "2013.07.13"]
[EventType "swiss"]
[EventRounds "9"]
[EventCountry "ESP"]
[SourceTitle "Ajedrez en Madrid"]
[Source "lmi"]
[SourceDate "2013.07.13"]
[SourceVersion "1"]
[SourceVersionDate "2019.06.21"]
[SourceQuality "1"]

1. d4 e6 2. c4 d5 3. Nc3 Nf6 4. cxd5 exd5 5. Bg5 c6 6. e3 Bf5 7. Qb3 b6 8. Rc1
Be7 9. Nf3 Ne4 10. Nxe4 dxe4 11. Bxe7 Qxe7 12. Ne5 Be6 13. Bc4 Bxc4 14. Qxc4
O-O 15. O-O c5 16. Qd5 Na6 17. Qxe4 Rad8 18. Qf5 Qd6 19. Nf3 cxd4 20. Nxd4 Nc5
21. Rfd1 Rfe8 22. h3 g6 23. Qf3 a6 24. Nc6 1-0

[Event "15. Obert Int. Sant Martí 2013 - B"]
[Site "Barcelona ESP"]
[Date "2013.07.17"]
[Round "5.36"]
[White "Fuertes Buisac, Bernat"]
[Black "Liarte Genoves, Sergi"]
[Result "1/2-1/2"]
[WhiteElo "1686"]
[BlackElo "1880"]
[PlyCount "80"]
[EventDate "2013.07.13"]
[EventType "swiss"]
[EventRounds "9"]
[EventCountry "ESP"]
[SourceTitle "Ajedrez en Madrid"]
[Source "lmi"]
[SourceDate "2013.07.13"]
[SourceVersion "1"]
[SourceVersionDate "2019.06.21"]
[SourceQuality "1"]

1. d4 Nf6 2. Nf3 d5 3. c4 c6 4. Nc3 Bf5 5. cxd5 cxd5 6. Qb3 Qb6 7. Nxd5 Qxb3 8.
Nxf6+ exf6 9. axb3 Be6 10. Bd2 Bxb3 11. e3 Bd6 12. Bb5+ Nc6 13. Ke2 O-O 14.
Rhc1 Bd5 15. Bc4 Be4 16. Bd3 f5 17. Ra4 a6 18. Rca1 Rac8 19. Rc1 Rfe8 20. Ng5
Bxd3+ 21. Kxd3 h6 22. Nf3 Red8 23. Rac4 Ra8 24. Ke2 a5 25. Ne1 Re8 26. Nd3 f4
27. d5 fxe3 28. dxc6 exd2+ 29. Kxd2 bxc6 30. Rxc6 Rad8 31. Kc3 Be7 32. Kc2 Bf6
33. Re1 Rxe1 34. Nxe1 Re8 35. Nd3 Ra8 36. b3 Ra7 37. Nc5 Bd4 38. f3 Bxc5 39.
Rxc5 a4 40. bxa4 Rxa4 1/2-1/2

[Event "15. Obert Int. Sant Martí 2013 - B"]
[Site "Barcelona ESP"]
[Date "2013.07.17"]
[Round "5.37"]
[White "Bayarri Ponsa, Eduard"]
[Black "Demestres Lopez, Ricard"]
[Result "1/2-1/2"]
[WhiteElo "1878"]
[BlackElo "1668"]
[PlyCount "79"]
[EventDate "2013.07.13"]
[EventType "swiss"]
[EventRounds "9"]
[EventCountry "ESP"]
[SourceTitle "Ajedrez en Madrid"]
[Source "lmi"]
[SourceDate "2013.07.13"]
[SourceVersion "1"]
[SourceVersionDate "2019.06.21"]
[SourceQuality "1"]

1. e4 e5 2. Nf3 Nc6 3. Bb5 d6 4. c3 Bd7 5. O-O Nf6 6. Re1 a6 7. Ba4 Be7 8. d4
b5 9. Bc2 Bg4 10. d5 Nb8 11. a4 bxa4 12. Bxa4+ Bd7 13. b4 O-O 14. Bb3 Bg4 15.
b5 Bc8 16. Nbd2 Bb7 17. c4 Nbd7 18. bxa6 Rxa6 19. Rxa6 Bxa6 20. Ba3 Qa8 21. Qc2
Qa7 22. Ra1 Ra8 23. Ba4 Nc5 24. Bc6 Bb7 25. Bb2 Qb8 26. Bb5 Rxa1+ 27. Bxa1 Qa8
28. Qb1 Nfxe4 29. Nxe4 Nxe4 30. Bxe5 dxe5 31. Qxe4 Qa1+ 32. Qe1 Qxe1+ 33. Nxe1
f5 34. Kf1 Kf7 35. Ke2 g5 36. Nd3 Kf6 37. f3 h5 38. h3 h4 39. Ke3 Ba3 40. Ke2
1/2-1/2

[Event "15. Obert Int. Sant Martí 2013 - B"]
[Site "Barcelona ESP"]
[Date "2013.07.17"]
[Round "5.38"]
[White "Serentill Tost, Eduard"]
[Black "Gonzalez Jurado, Jesus"]
[Result "1-0"]
[WhiteElo "1665"]
[BlackElo "1844"]
[PlyCount "41"]
[EventDate "2013.07.13"]
[EventType "swiss"]
[EventRounds "9"]
[EventCountry "ESP"]
[SourceTitle "Ajedrez en Madrid"]
[Source "lmi"]
[SourceDate "2013.07.13"]
[SourceVersion "1"]
[SourceVersionDate "2019.06.21"]
[SourceQuality "1"]

1. e4 d6 2. d4 Nf6 3. Nc3 g6 4. f4 Bg7 5. Nf3 O-O 6. Bc4 Nxe4 7. Bxf7+ Rxf7 8.
Nxe4 Bg4 9. O-O Nc6 10. c3 e5 11. Qb3 exd4 12. Neg5 Qd7 13. Nxf7 Qxf7 14. Qxb7
Rb8 15. Qxc6 dxc3 16. bxc3 Bd7 17. Qxc7 Rc8 18. Qxd6 Bf8 19. Qd2 Rxc3 20. Qxc3
Bg7 21. Ne5 1-0

[Event "15. Obert Int. Sant Martí 2013 - B"]
[Site "Barcelona ESP"]
[Date "2013.07.17"]
[Round "5.39"]
[White "Benet Saniger, Xavier"]
[Black "Romero Gamez, Francisco Javier"]
[Result "0-1"]
[WhiteElo "1797"]
[BlackElo "1683"]
[PlyCount "140"]
[EventDate "2013.07.13"]
[EventType "swiss"]
[EventRounds "9"]
[EventCountry "ESP"]
[SourceTitle "Ajedrez en Madrid"]
[Source "lmi"]
[SourceDate "2013.07.13"]
[SourceVersion "1"]
[SourceVersionDate "2019.06.21"]
[SourceQuality "1"]

1. d4 Nf6 2. c4 g6 3. Nc3 Bg7 4. e4 d6 5. Nf3 O-O 6. Be2 e5 7. dxe5 dxe5 8. Bg5
c6 9. Qxd8 Rxd8 10. Nxe5 Re8 11. f4 h6 12. Bh4 g5 13. Bg3 gxf4 14. Bxf4 Nxe4
15. Nxe4 Bxe5 16. Bxe5 Rxe5 17. Rd1 Na6 18. Rd8+ Kg7 19. Ng3 Nc7 20. Nh5+ Kh7
21. Ng3 Bg4 22. Rxa8 Nxa8 23. Kd2 Bxe2 24. Nxe2 Nb6 25. b3 a5 26. Rf1 Kg7 27.
Rf4 Nd7 28. Nd4 f6 29. Nf5+ Kg6 30. Nd6 b6 31. Re4 Rxe4 32. Nxe4 c5 33. Ke3 Kf5
34. Nd6+ Ke6 35. Nc8 Ke5 36. h3 h5 37. g4 h4 38. Ne7 Nf8 39. Nd5 b5 40. Ne7
bxc4 41. bxc4 Ke6 42. Nc6 a4 43. Na7 Nd7 44. Nc8 Ke5 45. a3 f5 46. g5 f4+ 47.
Kf3 Kf5 48. Nd6+ Kxg5 49. Ne4+ Kf5 50. Nd6+ Ke5 51. Nb7 Kd4 52. Nd6 Ne5+ 53.
Kxf4 Nxc4 54. Nb5+ Kd3 55. Kg4 Ne3+ 56. Kxh4 c4 57. Kg3 c3 58. Nxc3 Kxc3 59.
Kf3 Nf5 60. Kg4 Ng7 61. Kg5 Kb2 62. h4 Kxa3 63. Kg6 Kb3 64. Kxg7 a3 65. h5 a2
66. h6 a1=Q+ 67. Kg8 Qg1+ 68. Kh8 Qd4+ 69. Kg8 Qd8+ 70. Kg7 Qg5+ 0-1

[Event "15. Obert Int. Sant Martí 2013 - B"]
[Site "Barcelona ESP"]
[Date "2013.07.17"]
[Round "5.40"]
[White "Collell Rodriguez, Victor"]
[Black "Escofet Llongueras, Joan"]
[Result "1/2-1/2"]
[WhiteElo "1650"]
[BlackElo "1793"]
[PlyCount "111"]
[EventDate "2013.07.13"]
[EventType "swiss"]
[EventRounds "9"]
[EventCountry "ESP"]
[SourceTitle "Ajedrez en Madrid"]
[Source "lmi"]
[SourceDate "2013.07.13"]
[SourceVersion "1"]
[SourceVersionDate "2019.06.21"]
[SourceQuality "1"]

1. e4 e6 2. Nc3 d5 3. Nf3 Nf6 4. e5 Nfd7 5. d4 c5 6. dxc5 Nc6 7. Bf4 a6 8. Bd3
Nxc5 9. a3 Bd7 10. O-O Nxd3 11. Qxd3 b5 12. Nd4 Qc7 13. Nxc6 Qxc6 14. Ne2 Qc4
15. Qxc4 bxc4 16. Be3 Be7 17. Bd4 Ba4 18. Rac1 Kd7 19. Nc3 Bc6 20. Ne2 Rhc8 21.
Rfd1 Rab8 22. Bc3 Ba4 23. g3 g6 24. Re1 Bc5 25. Nd4 Bb5 26. Kg2 Ke7 27. Kg1 h5
28. h4 Kd7 29. Kg2 Bf8 30. Kh3 Ke8 31. Re3 Be7 32. f4 Kd7 33. Rce1 Ke8 34. R3e2
Bd7 35. Kh2 Kf8 36. Kg2 Ra8 37. Kh2 a5 38. Kg2 Ra6 39. Kh2 Kg7 40. Kg2 Re8 41.
Kg1 f6 42. Rf1 Rf8 43. Rfe1 fxe5 44. Rxe5 Kf7 45. R5e2 Bf6 46. Kg2 Re8 47. Kf3
Bh8 48. Kg2 Bf6 49. Kf3 Bd8 50. Kg2 Bc7 51. Kf3 Raa8 52. Kg2 Re7 53. f5 gxf5
54. Nxf5 Ree8 55. Ng7 Re7 56. Nf5 1/2-1/2

[Event "15. Obert Int. Sant Martí 2013 - B"]
[Site "Barcelona ESP"]
[Date "2013.07.17"]
[Round "5.41"]
[White "Cort Hidalgo, Jordi"]
[Black "Fuentes Barrientos, Carlos"]
[Result "1/2-1/2"]
[WhiteElo "1650"]
[BlackElo "1792"]
[PlyCount "64"]
[EventDate "2013.07.13"]
[EventType "swiss"]
[EventRounds "9"]
[EventCountry "ESP"]
[SourceTitle "Ajedrez en Madrid"]
[Source "lmi"]
[SourceDate "2013.07.13"]
[SourceVersion "1"]
[SourceVersionDate "2019.06.21"]
[SourceQuality "1"]

1. e4 c5 2. Nf3 d6 3. d4 cxd4 4. Nxd4 Nf6 5. Nc3 a6 6. Bc4 b5 7. Bb3 Bb7 8. f3
Qb6 9. Be3 Nc6 10. Qd2 Nxd4 11. Bxd4 Qc7 12. O-O-O e5 13. Be3 Be7 14. Bg5 h6
15. Bxf6 gxf6 16. Nd5 Qc5 17. Nxe7 Kxe7 18. Bd5 Bxd5 19. Qxd5 Qxd5 20. Rxd5 h5
21. Rhd1 Rad8 22. g3 Ke6 23. f4 Rhg8 24. f5+ Ke7 25. c3 h4 26. gxh4 Rg4 27. Re1
Rxh4 28. Re2 Rdh8 29. Red2 Rd8 30. Re2 Rdh8 31. Red2 Rd8 32. Re2 Rdh8 1/2-1/2

[Event "15. Obert Int. Sant Martí 2013 - B"]
[Site "Barcelona ESP"]
[Date "2013.07.17"]
[Round "5.42"]
[White "Llopis Jordan, Lluis"]
[Black "Poyato Duran, David"]
[Result "1/2-1/2"]
[WhiteElo "1786"]
[BlackElo "1656"]
[PlyCount "45"]
[EventDate "2013.07.13"]
[EventType "swiss"]
[EventRounds "9"]
[EventCountry "ESP"]
[SourceTitle "Ajedrez en Madrid"]
[Source "lmi"]
[SourceDate "2013.07.13"]
[SourceVersion "1"]
[SourceVersionDate "2019.06.21"]
[SourceQuality "1"]

1. d4 d5 2. c4 c6 3. Nc3 Nf6 4. Bg5 Nbd7 5. e3 e6 6. Nf3 Qa5 7. Nd2 Bb4 8. Qc2
O-O 9. Be2 b6 10. O-O dxc4 11. Bxf6 Nxf6 12. Nxc4 Qg5 13. Ne5 Bb7 14. Bf3 Rac8
15. Ne4 Nxe4 16. Bxe4 h6 17. Qa4 Bd6 18. Qxa7 Bxe5 19. dxe5 Qxe5 20. Bf3 Qc7
21. Qa4 c5 22. Bxb7 Qxb7 23. Rfd1 1/2-1/2

[Event "15. Obert Int. Sant Martí 2013 - B"]
[Site "Barcelona ESP"]
[Date "2013.07.17"]
[Round "5.43"]
[White "Ferre Navarro, Joan"]
[Black "Perez Cuadrado, Eduardo"]
[Result "0-1"]
[WhiteElo "1609"]
[BlackElo "1783"]
[PlyCount "88"]
[EventDate "2013.07.13"]
[EventType "swiss"]
[EventRounds "9"]
[EventCountry "ESP"]
[SourceTitle "Ajedrez en Madrid"]
[Source "lmi"]
[SourceDate "2013.07.13"]
[SourceVersion "1"]
[SourceVersionDate "2019.06.21"]
[SourceQuality "1"]

1. e4 e5 2. Nf3 Nc6 3. Bc4 Bc5 4. Nc3 Nf6 5. d3 h6 6. a3 a5 7. O-O d6 8. h3 O-O
9. Be3 Nd4 10. Nb5 Nxf3+ 11. Qxf3 Bxe3 12. fxe3 c6 13. Nc3 b5 14. Bb3 a4 15.
Ba2 Be6 16. d4 Bxa2 17. Rxa2 exd4 18. exd4 Qb6 19. Qd3 Rfe8 20. Raa1 Re7 21.
Rae1 Rae8 22. Kh1 Nd7 23. Rf4 Nf8 24. Rg4 Ng6 25. Qd2 c5 26. Nd5 Qb7 27. Nxe7+
Qxe7 28. dxc5 dxc5 29. Qd5 Rd8 30. Qf5 Rd2 31. e5 Nh4 32. Qe4 Rd4 33. Qe2 Rd5
34. Qxb5 Rd2 35. Qc4 g5 36. Qe4 Qe6 37. Qa8+ Kg7 38. Qxa4 Nxg2 39. Qe4 Nxe1 40.
Qxe1 Qd5+ 41. Qe4 Rd1+ 42. Kg2 Qd2+ 43. Kg3 Rg1+ 44. Kf3 Rf1+ 0-1

[Event "15. Obert Int. Sant Martí 2013 - B"]
[Site "Barcelona ESP"]
[Date "2013.07.17"]
[Round "5.44"]
[White "Kazmierczak, Ewa"]
[Black "Gonzalez Edo, David"]
[Result "1/2-1/2"]
[WhiteElo "1574"]
[BlackElo "1777"]
[PlyCount "76"]
[EventDate "2013.07.13"]
[EventType "swiss"]
[EventRounds "9"]
[EventCountry "ESP"]
[SourceTitle "Ajedrez en Madrid"]
[Source "lmi"]
[SourceDate "2013.07.13"]
[SourceVersion "1"]
[SourceVersionDate "2019.06.21"]
[SourceQuality "1"]

1. e4 c5 2. Nf3 g6 3. d4 cxd4 4. Nxd4 Bg7 5. c4 Nc6 6. Be3 Nf6 7. Nc3 O-O 8.
Be2 d6 9. O-O Nxd4 10. Bxd4 Be6 11. Qd2 Qa5 12. Rfd1 Qc7 13. b3 a6 14. Rac1 Nd7
15. Nd5 Bxd5 16. cxd5 Qd8 17. Be3 Nf6 18. f3 Qd7 19. Rc2 Rfc8 20. Rdc1 b5 21.
Rxc8+ Rxc8 22. Rxc8+ Qxc8 23. Qc1 Qxc1+ 24. Bxc1 Nd7 25. Be3 Bc3 26. Kf2 Nc5
27. Bg5 f6 28. Be3 Kf7 29. Kg3 h5 30. h4 Be5+ 31. Kh3 Bc3 32. g3 Be1 33. Bc1
Bc3 34. Bf4 Bd4 35. Bd2 Bf2 36. Kg2 Bd4 37. Bc1 Bc3 38. Be3 Be1 1/2-1/2

[Event "15. Obert Int. Sant Martí 2013 - B"]
[Site "Barcelona ESP"]
[Date "2013.07.17"]
[Round "5.45"]
[White "Ji, Pablo"]
[Black "Hernando Rodrigo, Lourdes"]
[Result "1/2-1/2"]
[WhiteElo "1546"]
[BlackElo "1777"]
[PlyCount "121"]
[EventDate "2013.07.13"]
[EventType "swiss"]
[EventRounds "9"]
[EventCountry "ESP"]
[SourceTitle "Ajedrez en Madrid"]
[Source "lmi"]
[SourceDate "2013.07.13"]
[SourceVersion "1"]
[SourceVersionDate "2019.06.21"]
[SourceQuality "1"]

1. e4 c5 2. Nf3 e6 3. d4 cxd4 4. Nxd4 Nf6 5. Nc3 Bb4 6. Bd3 e5 7. Nb3 d5 8.
exd5 Nxd5 9. Bb5+ Nc6 10. Bxc6+ bxc6 11. Bd2 O-O 12. O-O Nxc3 13. bxc3 Bd6 14.
Re1 Be6 15. Rb1 Rb8 16. Be3 Qe7 17. Bxa7 Ra8 18. Be3 Rxa2 19. Ra1 Rfa8 20. Rxa2
Rxa2 21. Qb1 Ra8 22. Qb2 Qh4 23. Bc5 Bc7 24. Nd2 e4 25. Nf1 Rb8 26. Qc1 f5 27.
Bd4 Bd5 28. Qd1 Rd8 29. Qe2 f4 30. c4 f3 31. gxf3 exf3 32. Qe7 Qxd4 33. cxd5
Qg4+ 34. Ng3 Qh3 35. Qe6+ Qxe6 36. dxe6 Re8 37. Nf5 g6 38. Nd4 c5 39. Nxf3 Kg7
40. Nd2 Ba5 41. Re2 Bxd2 42. Rxd2 Rxe6 43. Rd7+ Kg8 44. Rc7 Re5 45. Kf1 h5 46.
h4 Re4 47. Rxc5 Rxh4 48. c3 Rh1+ 49. Kg2 Rc1 50. Rc7 Kf8 51. c4 Rc3 52. f3 Re3
53. Kf2 Re7 54. Rc6 Kf7 55. Rd6 Rc7 56. Rd4 Rc6 57. Kg3 Ke6 58. f4 Kf6 59. Kh4
Kf5 60. Kg3 Kf6 61. Kh4 1/2-1/2

[Event "15. Obert Int. Sant Martí 2013 - B"]
[Site "Barcelona ESP"]
[Date "2013.07.17"]
[Round "5.46"]
[White "Alquezar Calpena, Marc"]
[Black "Velasco Rebezon, Daniela"]
[Result "0-1"]
[WhiteElo "1775"]
[BlackElo "1651"]
[PlyCount "58"]
[EventDate "2013.07.13"]
[EventType "swiss"]
[EventRounds "9"]
[EventCountry "ESP"]
[SourceTitle "Ajedrez en Madrid"]
[Source "lmi"]
[SourceDate "2013.07.13"]
[SourceVersion "1"]
[SourceVersionDate "2019.06.21"]
[SourceQuality "1"]

1. e4 e6 2. d4 d5 3. Nd2 Nf6 4. e5 Nfd7 5. Bd3 c5 6. c3 Nc6 7. Ne2 Be7 8. Nf3
f6 9. exf6 Nxf6 10. O-O O-O 11. Re1 cxd4 12. Nexd4 Nxd4 13. Nxd4 e5 14. Nf5
Bxf5 15. Bxf5 Qd6 16. Bg5 Rad8 17. Qb3 b6 18. Rad1 Kh8 19. Re3 Nh5 20. Bxe7
Qxe7 21. Bb1 Qh4 22. Qc2 e4 23. Rh3 Qg5 24. Qd2 Qxd2 25. Rxd2 Nf6 26. Rd4 Rd7
27. Re3 Ng4 28. Re2 Rdf7 29. Rdd2 e3 0-1

[Event "15. Obert Int. Sant Martí 2013 - B"]
[Site "Barcelona ESP"]
[Date "2013.07.17"]
[Round "5.47"]
[White "Tortosa Moros, Joan"]
[Black "Santolaria Sanz, Xavier"]
[Result "1-0"]
[WhiteElo "1771"]
[BlackElo "1624"]
[PlyCount "49"]
[EventDate "2013.07.13"]
[EventType "swiss"]
[EventRounds "9"]
[EventCountry "ESP"]
[SourceTitle "Ajedrez en Madrid"]
[Source "lmi"]
[SourceDate "2013.07.13"]
[SourceVersion "1"]
[SourceVersionDate "2019.06.21"]
[SourceQuality "1"]

1. e4 b6 2. d4 Bb7 3. Nc3 g6 4. Be3 Bg7 5. Qd2 e6 6. O-O-O Nf6 7. f3 Nc6 8. e5
Nd5 9. Nxd5 exd5 10. Ne2 d6 11. f4 Qd7 12. Nc3 Ne7 13. exd6 Qxd6 14. g4 f5 15.
h3 c6 16. Bd3 Rf8 17. Rhg1 Qb4 18. a3 Qa5 19. Rde1 O-O-O 20. Bf2 Rde8 21. gxf5
c5 22. fxg6 cxd4 23. Nb5 Qxd2+ 24. Kxd2 Rxf4 25. Bg3 1-0

[Event "15. Obert Int. Sant Martí 2013 - B"]
[Site "Barcelona ESP"]
[Date "2013.07.17"]
[Round "5.48"]
[White "Riu Lopez, Sergi"]
[Black "Ferres Saez, Joan"]
[Result "0-1"]
[WhiteElo "1503"]
[BlackElo "1752"]
[PlyCount "68"]
[EventDate "2013.07.13"]
[EventType "swiss"]
[EventRounds "9"]
[EventCountry "ESP"]
[SourceTitle "Ajedrez en Madrid"]
[Source "lmi"]
[SourceDate "2013.07.13"]
[SourceVersion "1"]
[SourceVersionDate "2019.06.21"]
[SourceQuality "1"]

1. e4 g6 2. d4 Bg7 3. Nf3 d6 4. Nc3 Nf6 5. Be2 O-O 6. O-O a6 7. Be3 b5 8. a3
Bb7 9. Bd3 Nbd7 10. Re1 c5 11. dxc5 Nxc5 12. Bxc5 dxc5 13. Bf1 Qc7 14. Qe2 e5
15. Nd2 Rfd8 16. f3 Bh6 17. Rad1 Bc6 18. Kh1 b4 19. axb4 cxb4 20. Ncb1 Bb5 21.
Qf2 Bxf1 22. Rxf1 Qxc2 23. b3 Rd3 24. Rc1 Qb2 25. Rcd1 Rad8 26. Nc4 Qxf2 27.
Rde1 Qc2 28. Nxe5 Rxb3 29. h3 Rb2 30. Rg1 Bf4 31. Ng4 Nxg4 32. fxg4 Rd3 33. h4
Rh3+ 34. gxh3 Qh2# 0-1

[Event "15. Obert Int. Sant Martí 2013 - B"]
[Site "Barcelona ESP"]
[Date "2013.07.17"]
[Round "5.49"]
[White "Pascual Duran, Pau"]
[Black "Aparicio Escudero, Hector F."]
[Result "0-1"]
[WhiteElo "1473"]
[BlackElo "1747"]
[PlyCount "66"]
[EventDate "2013.07.13"]
[EventType "swiss"]
[EventRounds "9"]
[EventCountry "ESP"]
[SourceTitle "Ajedrez en Madrid"]
[Source "lmi"]
[SourceDate "2013.07.13"]
[SourceVersion "1"]
[SourceVersionDate "2019.06.21"]
[SourceQuality "1"]

1. d4 Nf6 2. c4 e6 3. Bg5 Be7 4. Nc3 d5 5. e3 O-O 6. Nf3 c6 7. Bd3 Nbd7 8. O-O
h6 9. Bh4 dxc4 10. Bxc4 Nd5 11. Bg3 Nxc3 12. bxc3 Nf6 13. Qd3 Bd6 14. Bxd6 Qxd6
15. Ne5 c5 16. Bb3 b5 17. c4 cxd4 18. exd4 bxc4 19. Nxc4 Qf4 20. g3 Qe4 21.
Rad1 Bb7 22. f3 Qxd3 23. Rxd3 Ba6 24. Rc3 Nd5 25. Rc2 Bxc4 26. Rfc1 Bxb3 27.
axb3 Rab8 28. Ra2 Rxb3 29. Rxa7 Rxf3 30. Kg2 Rd3 31. Ra4 Rd8 32. Kg1 Nc3 33.
Rc2 Nxa4 0-1

[Event "15. Obert Int. Sant Martí 2013 - B"]
[Site "Barcelona ESP"]
[Date "2013.07.17"]
[Round "5.50"]
[White "Romero Funieles, Rafael"]
[Black "Santamaria Torres, Sergio"]
[Result "1/2-1/2"]
[WhiteElo "1735"]
[BlackElo "1620"]
[PlyCount "94"]
[EventDate "2013.07.13"]
[EventType "swiss"]
[EventRounds "9"]
[EventCountry "ESP"]
[SourceTitle "Ajedrez en Madrid"]
[Source "lmi"]
[SourceDate "2013.07.13"]
[SourceVersion "1"]
[SourceVersionDate "2019.06.21"]
[SourceQuality "1"]

1. e4 c5 2. Nf3 d6 3. h3 a6 4. c3 Nc6 5. Be2 Nf6 6. d3 g6 7. Be3 Bg7 8. a3 a5
9. O-O O-O 10. Nbd2 e5 11. Rb1 a4 12. Qc1 Ne8 13. Nh2 f5 14. exf5 Bxf5 15. Ne4
Nf6 16. f3 Nd5 17. Bg5 Qd7 18. Ng4 h5 19. Ne3 Bxe4 20. dxe4 Nf4 21. Bxf4 Rxf4
22. Nd5 Raf8 23. Bc4 Kh7 24. Nxf4 Rxf4 25. Qd2 Nd8 26. Rbd1 b5 27. Be2 Nf7 28.
c4 Ng5 29. Bd3 Bh6 30. Qf2 bxc4 31. Bc2 Ne6 32. g3 Rf8 33. h4 Nd4 34. Qg2 Qb5
35. f4 Qxb2 36. Bxa4 Qxa3 37. Ra1 Qe3+ 38. Kh1 Ne2 39. Rf3 Qxe4 40. Bb5 Nd4 41.
Ra7+ Kh8 42. Raa3 Nxb5 43. Rae3 Qd5 44. fxe5 Rxf3 45. Rxf3 Qxe5 46. Rf7 Qe8 47.
Qb7 Qe1+ 1/2-1/2

[Event "15. Obert Int. Sant Martí 2013 - B"]
[Site "Barcelona ESP"]
[Date "2013.07.17"]
[Round "5.51"]
[White "Muratet Casadevall, Jordi"]
[Black "Febrero Perez, Lluis"]
[Result "1-0"]
[WhiteElo "1734"]
[BlackElo "1604"]
[PlyCount "45"]
[EventDate "2013.07.13"]
[EventType "swiss"]
[EventRounds "9"]
[EventCountry "ESP"]
[SourceTitle "Ajedrez en Madrid"]
[Source "lmi"]
[SourceDate "2013.07.13"]
[SourceVersion "1"]
[SourceVersionDate "2019.06.21"]
[SourceQuality "1"]

1. e4 e5 2. Nf3 Nc6 3. d4 exd4 4. Bc4 Bc5 5. Ng5 Ne5 6. Bxf7+ Nxf7 7. Nxf7 Bb4+
8. c3 dxc3 9. bxc3 Bxc3+ 10. Nxc3 Kxf7 11. Qd5+ Kf8 12. Bg5 Nf6 13. Qd4 d6 14.
O-O Be6 15. f4 c5 16. Qd1 Qd7 17. e5 Ne8 18. f5 Bc4 19. e6 Qc6 20. Qh5 Qc7 21.
f6 Bxe6 22. fxg7+ Kxg7 23. Qh6+ 1-0

[Event "15. Obert Int. Sant Martí 2013 - B"]
[Site "Barcelona ESP"]
[Date "2013.07.17"]
[Round "5.52"]
[White "Maria Oproae, Alex"]
[Black "Sequera Morales, Genesis G."]
[Result "1-0"]
[WhiteElo "1415"]
[BlackElo "1726"]
[PlyCount "113"]
[EventDate "2013.07.13"]
[EventType "swiss"]
[EventRounds "9"]
[EventCountry "ESP"]
[SourceTitle "Ajedrez en Madrid"]
[Source "lmi"]
[SourceDate "2013.07.13"]
[SourceVersion "1"]
[SourceVersionDate "2019.06.21"]
[SourceQuality "1"]

1. e4 e5 2. Nf3 Nc6 3. Bc4 Nf6 4. d4 exd4 5. e5 d5 6. Bb5 Ne4 7. Nxd4 Bd7 8.
Bxc6 bxc6 9. O-O Bc5 10. Be3 O-O 11. Qh5 Bb6 12. f3 Nc5 13. Kh1 Ne6 14. c3 c5
15. Ne2 d4 16. Bd2 d3 17. Ng3 Rb8 18. f4 Bc6 19. Qg4 Qd5 20. Nh5 Kh8 21. f5
Qxe5 22. fxe6 fxe6 23. Bf4 Be8 24. Qxg7+ Qxg7 25. Nxg7 Kxg7 26. Bh6+ Kxh6 27.
Rxf8 Kg7 28. Rf3 Bg6 29. Nd2 e5 30. Re1 Re8 31. Rfe3 Kf6 32. Ne4+ Ke6 33. Nf2
Kd5 34. Nxd3 e4 35. Nf4+ Kd6 36. Nxg6 hxg6 37. Rxe4 Rg8 38. Re6+ Kd7 39. R6e3
Rg7 40. Rg3 c6 41. Re4 Bc7 42. Rd3+ Kc8 43. c4 Rh7 44. h3 Rf7 45. g4 Rf2 46.
Re8+ Kb7 47. Rb3+ Bb6 48. Re7+ Kc8 49. Rg7 Rf6 50. Kg2 Kd8 51. Rf3 Re6 52. Rf8+
Re8 53. Rxe8+ Kxe8 54. Rxg6 Kd7 55. h4 Bc7 56. Rg7+ Kd8 57. Rxc7 1-0

[Event "15. Obert Int. Sant Martí 2013 - B"]
[Site "Barcelona ESP"]
[Date "2013.07.17"]
[Round "5.53"]
[White "Abascal Vicente, Ignacio"]
[Black "Herrerias Gonzalez, Andreu"]
[Result "1-0"]
[WhiteElo "1715"]
[BlackElo "1592"]
[PlyCount "99"]
[EventDate "2013.07.13"]
[EventType "swiss"]
[EventRounds "9"]
[EventCountry "ESP"]
[SourceTitle "Ajedrez en Madrid"]
[Source "lmi"]
[SourceDate "2013.07.13"]
[SourceVersion "1"]
[SourceVersionDate "2019.06.21"]
[SourceQuality "1"]

1. e4 c6 2. d4 d5 3. Nc3 dxe4 4. Nxe4 Bf5 5. Ng3 Bg6 6. Nf3 h6 7. Bd3 Bxd3 8.
Qxd3 Nd7 9. Bd2 e6 10. O-O-O Ngf6 11. c4 Qc7 12. Kb1 O-O-O 13. Bc3 Nc5 14. Qc2
Ncd7 15. Rhe1 Bd6 16. Ne5 Bxe5 17. dxe5 Ne8 18. f4 g6 19. Ne4 Qb6 20. c5 Qc7
21. Nd6+ Nxd6 22. exd6 Qb8 23. Bxh8 Rxh8 24. g4 b6 25. cxb6 Qxb6 26. f5 gxf5
27. gxf5 e5 28. Qg2 f6 29. Qg7 Qd8 30. Rg1 h5 31. Rg6 h4 32. Rdg1 e4 33. Qe7
Re8 34. Qxd8+ Kxd8 35. Rg8 e3 36. Rxe8+ Kxe8 37. Re1 Ne5 38. Rxe3 Kd7 39. Rh3
Kxd6 40. Rxh4 Nf3 41. Rh7 Ke5 42. h4 Kxf5 43. h5 Kg5 44. Rxa7 Kxh5 45. Rg7 Ng5
46. Kc2 f5 47. Kd1 Kg4 48. Rxg5+ Kxg5 49. a4 f4 50. a5 1-0

[Event "15. Obert Int. Sant Martí 2013 - B"]
[Site "Barcelona ESP"]
[Date "2013.07.17"]
[Round "5.54"]
[White "Terrones Hernandez, Jonathan"]
[Black "Martinez Torras, Pol"]
[Result "1-0"]
[WhiteElo "1711"]
[BlackElo "1530"]
[PlyCount "39"]
[EventDate "2013.07.13"]
[EventType "swiss"]
[EventRounds "9"]
[EventCountry "ESP"]
[SourceTitle "Ajedrez en Madrid"]
[Source "lmi"]
[SourceDate "2013.07.13"]
[SourceVersion "1"]
[SourceVersionDate "2019.06.21"]
[SourceQuality "1"]

1. d4 Nf6 2. Nf3 d5 3. e3 e6 4. Bd3 c5 5. b3 cxd4 6. exd4 Be7 7. O-O O-O 8. Bb2
Nc6 9. Nbd2 Bd7 10. a3 a6 11. Ne5 Bd6 12. f4 Qc7 13. Rf3 Ne8 14. Bxh7+ Kh8 15.
Rh3 Nf6 16. Qe1 Ng4 17. Nxg4 Be7 18. Qg3 f5 19. Bg6+ Kg8 20. Rh8+ 1-0